| 000 | 02270nam0a2200397 4500 | ||
|---|---|---|---|
| 001 | RU\NLR\BIBL_A\011926814 | ||
| 005 | 20190515105541.0 | ||
| 010 |
_a978-5-209-09131-8 _9200 |
||
| 021 |
_aRU _bКН-П-18-7217 _9КН-П-18-099412 |
||
| 035 | _a(NLR Aleph) 011926814 | ||
| 035 | _a(RuMoRGB)009851151 | ||
| 090 |
_a11016947 _c11016947 |
||
| 100 | _a20190204d2018 k y0rusy50 ca | ||
| 101 | 0 |
_arus _aeng _ager _afre _aspa _aara |
|
| 102 | _aRU | ||
| 105 | _ay z 100zy | ||
| 200 | 1 |
_aWe speak legal English, German, French, Spanish… _estudents' annual conference _fPeoples' friendship university of Russia, Institute of law, Department of foreign languages |
|
| 210 |
_aMoscow _cРоссийский университет дружбы народов _d2018 |
||
| 215 |
_a214 с. _d20 |
||
| 300 | _aВ вып. дан.: Мы говорим на юридическом английском, немецком, французском, испанском… | ||
| 300 | _aТекст на англ., нем., фр., исп., араб. яз. | ||
| 320 | _aБиблиогр. в конце докл. | ||
| 517 | 1 | _aМы говорим на юридическом английском, немецком, французском, испанском… | |
| 541 | 1 |
_aМы говорим на юридическом английском, немецком, французском, испанском… _zrus |
|
| 606 | 1 |
_aИностранные языки _xТворческие работы учащихся _jСъезды, совещания и т.п _2nlr_sh2 _3RU\NLR\AUTH\6601612590 |
|
| 606 | 1 |
_aПраво _jСъезды, совещания и т.п _2nlr_sh1 _2nlr_sh2 _3RU\NLR\AUTH\664055 |
|
| 686 | 1 | _aЧ486.179Ан.(2)-385я431 | |
| 686 | 1 | _aХ.я431 | |
| 711 | 1 | 2 |
_a"We speak legal English, German, French, Spanish…", межвузовская студенческая конференция _f2018 _eМосква _3RU\NLR\AUTH\880496380 |
| 712 | 0 | 2 |
_aPeoples friendship university of Russia _bInstitute of law _bDepartment of foreign languages _3RU\NLR\AUTH\880456467 _4570 |
| 942 | _cBOOK | ||
| 980 | _aNBR | ||
| 980 | _aNB | ||